000 00981nam a2200265Ia 4500
001 10507
003 GE_BSU
008 181216s||||||||xx |||||||||||||| ||und||
020 _a9992836075
040 _cGE_BSU
080 _a628.1(075.8)
100 _aკიკაჩეიშვილი,გ. ნაცვლიშვილი,ნ.
245 _aწყალმომარაგება. ნაწ.1. ქსელი და მისი ნაგებობანი.
245 _bსახელმძღვ.
245 _cრედ. ი.სემიკინა.
260 _aთბ.
260 _bტექნიკური უნივერსიტეტი.
260 _c1999.
300 _a205გვ.; 20სმ.
300 _eნახ.ბიბლიოგრ.: გვ.201.
541 _h30ლ.
653 _aქსელი და მისი ნაგებობანი.
653 _aწყალმომარაგება.
942 _cBK
999 _c43762
_d43762